| 000 | 00495nam a2200157 a 4500 | ||
|---|---|---|---|
| 005 | 20140412111247.0 | ||
| 008 | 010907s19uu xx 00 eng d | ||
| 020 | _a1-55222-921-1 | ||
| 050 |
_aER _bDi541 1995 |
||
| 245 |
_aDial a times table / _cillustrated by Paula Martyr. |
||
| 260 |
_aOntario : _bRegency House Publishing Ltd, _c1995. |
||
| 300 | _a1 v. (unp.) ; ill. | ||
| 650 |
_aMultiplication table _xJuvenile literature |
||
| 650 |
_aMathematics _xJuvenile literature |
||
| 999 |
_c102986 _d102986 |
||